| 000 | 00341nam a22001217a 4500 | ||
|---|---|---|---|
| 008 | 170216b xxu||||| |||| 00| 0 eng d | ||
| 050 | _aJA1.P63(1966-67 Vol.14-15) | ||
| 245 | _aPolitical Studies. / | ||
| 260 |
_aLondon: _bOxford Univ. Press, _c1966-67. |
||
| 300 |
_avii,414p. ,x,416p.: _c24cm. |
||
| 700 | _aPeter Campbell. | ||
| 942 |
_2lcc _cBK |
||
| 999 |
_c6276 _d13776 |
||